[Event "Russian Championship (men rapid)"]
[Site "Sochi"]
[Date "2017.09.30"]
[Round "1.8"]
[White "Sharapan, Dmitry"]
[Black "Tomashevsky, Evgeny"]
[Result "0-1"]
[LiveChessVersion "1.4.8"]
[BlackElo "2689"]
[WhiteElo "2159"]

1. e4 {[%clk 0:15:18]} c6 {[%clk 0:15:18]} 2. d4 {[%clk 0:14:53]} d5
{[%clk 0:15:26]} 3. Nc3 {[%clk 0:15:01]} dxe4 {[%clk 0:15:28]} 4. Nxe4
{[%clk 0:15:08]} Nf6 {[%clk 0:15:36]} 5. Nxf6+ {[%clk 0:15:15]} gxf6
{[%clk 0:15:44]} 6. c3 {[%clk 0:15:24]} h5 {[%clk 0:15:27]} 7. Bc4
{[%clk 0:14:52]} Nd7 {[%clk 0:14:29]} 8. Ne2 {[%clk 0:13:39]} Nb6
{[%clk 0:14:17]} 9. Bb3 {[%clk 0:13:45]} Bf5 {[%clk 0:12:03]} 10. Ng3
{[%clk 0:13:27]} Bg6 {[%clk 0:09:58]} 11. Qe2 {[%clk 0:11:30]} h4
{[%clk 0:07:36]} 12. Ne4 {[%clk 0:11:38]} e6 {[%clk 0:07:45]} 13. Bd2
{[%clk 0:09:32]} Be7 {[%clk 0:07:34]} 14. O-O-O {[%clk 0:07:33]} Qc7
{[%clk 0:07:30]} 15. Qf3 {[%clk 0:06:42]} Bxe4 {[%clk 0:07:27]} 16. Qxe4
{[%clk 0:06:50]} f5 {[%clk 0:07:36]} 17. Qf3 {[%clk 0:06:21]} O-O-O
{[%clk 0:06:38]} 18. Be3 {[%clk 0:04:38]} Nd5 {[%clk 0:06:17]} 19. Bxd5
{[%clk 0:04:45]} cxd5 {[%clk 0:06:16]} 20. g4 {[%clk 0:03:54]} hxg3
{[%clk 0:05:45]} 21. hxg3 {[%clk 0:04:01]} Bd6 {[%clk 0:05:24]} 22. Rh5
{[%clk 0:03:17]} Qc4 {[%clk 0:04:33]} 23. Kb1 {[%clk 0:03:03]} a6
{[%clk 0:04:19]} 24. Qh1 {[%clk 0:02:55]} Rxh5 {[%clk 0:04:08]} 25. Qxh5
{[%clk 0:03:03]} Rd7 {[%clk 0:04:17]} 26. Qh1 {[%clk 0:01:38]} Qe2
{[%clk 0:03:57]} 27. Rd2 {[%clk 0:01:01]} Qg4 {[%clk 0:04:02]} 28. Qh6
{[%clk 0:00:31]} Rd8 {[%clk 0:03:01]} 29. Qf6 {[%clk 0:00:29]} Qe4+
{[%clk 0:02:33]} 30. Kc1 {[%clk 0:00:23]} Rd7 {[%clk 0:02:32]} 31. Qh6
{[%clk 0:00:15]} b5 {[%clk 0:02:23]} 32. Rd1 {[%clk 0:00:13]} Kb7
{[%clk 0:02:17]} 33. Qh1 {[%clk 0:00:17]} Qg4 {[%clk 0:02:16]} 34. Qh4
{[%clk 0:00:23]} Qe2 {[%clk 0:02:11]} 35. Rh1 {[%clk 0:00:17]} b4
{[%clk 0:02:02]} 36. Qh5 {[%clk 0:00:25]} Qc4 {[%clk 0:02:08]} 37. Kb1
{[%clk 0:00:13]} bxc3 {[%clk 0:02:12]} 38. bxc3 {[%clk 0:00:20]} Ka7
{[%clk 0:02:12]} 39. Rc1 {[%clk 0:00:24]} Ba3 {[%clk 0:02:08]} 40. Rc2
{[%clk 0:00:19]} Rb7+ {[%clk 0:02:14]} 0-1

[Event "Russian Championship (men rapid)"]
[Site "Sochi"]
[Date "2017.09.30"]
[Round "1.17"]
[White "Sakaev, Konstantin"]
[Black "Mumdgan, Suren"]
[Result "1-0"]
[LiveChessVersion "1.4.8"]
[BlackElo "2116"]
[WhiteElo "2621"]

1. d4 {[%clk 0:15:18]} e6 {[%clk 0:15:17]} 2. c4 {[%clk 0:15:25]} Nf6
{[%clk 0:15:23]} 3. Nc3 {[%clk 0:15:33]} b6 {[%clk 0:15:29]} 4. e4
{[%clk 0:15:34]} Bb4 {[%clk 0:15:21]} 5. f3 {[%clk 0:14:57]} Bxc3+
{[%clk 0:15:19]} 6. bxc3 {[%clk 0:15:05]} d6 {[%clk 0:15:22]} 7. Bg5
{[%clk 0:14:41]} h6 {[%clk 0:15:04]} 8. Bh4 {[%clk 0:14:49]} Nbd7
{[%clk 0:14:39]} 9. Bd3 {[%clk 0:14:12]} e5 {[%clk 0:14:43]} 10. Ne2
{[%clk 0:14:11]} c5 {[%clk 0:14:35]} 11. O-O {[%clk 0:14:07]} g5 {[%clk 0:14:21]}
12. Bf2 {[%clk 0:14:14]} Nh5 {[%clk 0:14:18]} 13. g3 {[%clk 0:13:30]} Nf8
{[%clk 0:13:56]} 14. Bc2 {[%clk 0:12:22]} Bh3 {[%clk 0:13:43]} 15. Re1
{[%clk 0:12:30]} Ng6 {[%clk 0:13:31]} 16. Kh1 {[%clk 0:11:29]} Be6
{[%clk 0:13:29]} 17. Ba4+ {[%clk 0:11:18]} Bd7 {[%clk 0:13:38]} 18. Bb5
{[%clk 0:10:32]} a6 {[%clk 0:12:46]} 19. Bxd7+ {[%clk 0:10:39]} Qxd7
{[%clk 0:12:55]} 20. Rb1 {[%clk 0:10:40]} Qc7 {[%clk 0:12:47]} 21. Qb3
{[%clk 0:10:30]} cxd4 {[%clk 0:11:21]} 22. cxd4 {[%clk 0:10:34]} O-O
{[%clk 0:11:25]} 23. Rec1 {[%clk 0:09:11]} g4 {[%clk 0:07:12]} 24. fxg4
{[%clk 0:09:00]} Nf6 {[%clk 0:07:21]} 25. Qf3 {[%clk 0:08:59]} Qe7
{[%clk 0:06:38]} 26. d5 {[%clk 0:07:57]} Nd7 {[%clk 0:05:57]} 27. Bxb6
{[%clk 0:07:58]} Nxb6 {[%clk 0:06:06]} 28. Rxb6 {[%clk 0:08:06]} Rfb8
{[%clk 0:06:01]} 29. Rb3 {[%clk 0:07:08]} Qc7 {[%clk 0:04:31]} 30. Qe3
{[%clk 0:05:32]} Qa5 {[%clk 0:03:42]} 31. Nc3 {[%clk 0:04:55]} Rc8
{[%clk 0:03:10]} 32. Qe2 {[%clk 0:05:02]} Rc7 {[%clk 0:02:51]} 33. Nd1
{[%clk 0:05:03]} Rac8 {[%clk 0:02:51]} 34. Ne3 {[%clk 0:05:10]} Ne7
{[%clk 0:02:34]} 35. Kg2 {[%clk 0:04:24]} Qc5 {[%clk 0:01:45]} 36. Rd1
{[%clk 0:04:29]} a5 {[%clk 0:01:24]} 37. a4 {[%clk 0:04:09]} Qa7 {[%clk 0:01:20]}
38. Qd2 {[%clk 0:03:09]} Kg7 {[%clk 0:01:23]} 39. Rb5 {[%clk 0:03:01]} Rc5
{[%clk 0:00:58]} 40. Rf1 {[%clk 0:01:26]} Qc7 {[%clk 0:00:56]} 41. Qf2
{[%clk 0:01:30]} Rf8 {[%clk 0:00:58]} 42. Qf6+ {[%clk 0:01:32]} Kh7
{[%clk 0:00:38]} 43. Rxc5 {[%clk 0:01:37]} Qxc5 44. Qxe7 {[%clk 0:01:39]} Qxe3
{[%clk 0:00:36]} 45. Qxf8 {[%clk 0:01:43]} Qe2+ {[%clk 0:00:43]} 46. Rf2
{[%clk 0:01:49]} Qxe4+ {[%clk 0:00:49]} 47. Kh3 {[%clk 0:01:57]} Kh8 1-0

[Event "Russian Championship (men rapid)"]
[Site "Sochi"]
[Date "2017.09.30"]
[Round "2.11"]
[White "Potkin, Vladimir"]
[Black "Nechaev, Oleg"]
[Result "1-0"]
[LiveChessVersion "1.4.8"]
[BlackElo "2361"]
[WhiteElo "2650"]

1. c4 {[%clk 0:15:19]} c5 {[%clk 0:14:18]} 2. Nf3 {[%clk 0:15:26]} g6
{[%clk 0:14:27]} 3. d4 {[%clk 0:15:25]} Bg7 {[%clk 0:14:36]} 4. d5
{[%clk 0:15:33]} b5 {[%clk 0:14:45]} 5. cxb5 {[%clk 0:15:33]} a6 {[%clk 0:14:54]}
6. b6 {[%clk 0:15:18]} Nf6 {[%clk 0:15:01]} 7. Nc3 {[%clk 0:15:26]} O-O
{[%clk 0:15:07]} 8. e4 {[%clk 0:15:04]} d6 {[%clk 0:15:16]} 9. a4
{[%clk 0:15:05]} a5 {[%clk 0:15:25]} 10. Bb5 {[%clk 0:15:03]} Nbd7
{[%clk 0:15:19]} 11. O-O {[%clk 0:14:55]} Nxb6 {[%clk 0:15:26]} 12. Re1
{[%clk 0:14:35]} Ba6 {[%clk 0:14:54]} 13. Bg5 {[%clk 0:13:51]} Bxb5
{[%clk 0:15:00]} 14. axb5 {[%clk 0:13:51]} h6 {[%clk 0:14:43]} 15. Bf4
{[%clk 0:13:30]} Ne8 {[%clk 0:14:25]} 16. Qd2 {[%clk 0:13:25]} Kh7
{[%clk 0:14:29]} 17. h4 {[%clk 0:12:32]} Nc7 {[%clk 0:14:32]} 18. Qe2
{[%clk 0:11:13]} Qd7 {[%clk 0:14:36]} 19. g3 {[%clk 0:10:13]} a4 {[%clk 0:14:31]}
20. Bd2 {[%clk 0:08:45]} Ra5 {[%clk 0:12:18]} 21. e5 {[%clk 0:08:54]} Qg4
{[%clk 0:11:43]} 22. Ng5+ {[%clk 0:08:54]} Qf5 23. Nf3 1-0

[Event "Russian Championship (men rapid)"]
[Site "Sochi"]
[Date "2017.09.30"]
[Round "2.21"]
[White "Rakhmanov, Aleksandr"]
[Black "Gogolev, Artem"]
[Result "1-0"]
[LiveChessVersion "1.4.8"]
[BlackElo "2316"]
[WhiteElo "2591"]

1. d4 {[%clk 0:15:19]} Nf6 {[%clk 0:15:18]} 2. c4 {[%clk 0:15:27]} e6
{[%clk 0:15:26]} 3. Nc3 {[%clk 0:15:36]} Bb4 {[%clk 0:15:33]} 4. e3
{[%clk 0:15:44]} c5 {[%clk 0:15:40]} 5. Bd3 {[%clk 0:15:53]} d5 {[%clk 0:15:42]}
6. Nge2 {[%clk 0:15:53]} O-O {[%clk 0:15:41]} 7. cxd5 {[%clk 0:15:54]} cxd4
{[%clk 0:15:42]} 8. exd4 {[%clk 0:16:02]} Nxd5 {[%clk 0:15:13]} 9. O-O
{[%clk 0:16:10]} Nc6 {[%clk 0:15:14]} 10. Be4 {[%clk 0:16:19]} Nf6
{[%clk 0:15:06]} 11. Bf3 {[%clk 0:16:21]} h6 {[%clk 0:14:51]} 12. Be3
{[%clk 0:16:23]} Ne7 {[%clk 0:14:47]} 13. Bf4 {[%clk 0:16:08]} Bd6
{[%clk 0:14:18]} 14. Rc1 {[%clk 0:15:24]} Nf5 {[%clk 0:10:54]} 15. Bxd6
{[%clk 0:15:02]} Qxd6 {[%clk 0:10:15]} 16. Qd2 {[%clk 0:14:25]} Nh4
{[%clk 0:08:27]} 17. Be4 {[%clk 0:14:33]} Bd7 {[%clk 0:08:02]} 18. Bxb7
{[%clk 0:13:06]} Rab8 {[%clk 0:08:07]} 19. Be4 {[%clk 0:11:26]} Ng4
{[%clk 0:06:13]} 20. Ng3 {[%clk 0:09:19]} f5 {[%clk 0:05:39]} 21. Bb1
{[%clk 0:09:00]} Ne5 {[%clk 0:05:28]} 22. Qe2 {[%clk 0:06:41]} Qxd4
{[%clk 0:05:12]} 23. Rfe1 {[%clk 0:05:58]} Nhg6 {[%clk 0:04:00]} 24. Rcd1
{[%clk 0:05:03]} Qh4 {[%clk 0:03:37]} 25. Rxd7 {[%clk 0:04:34]} Nxd7
{[%clk 0:03:06]} 26. Qxe6+ {[%clk 0:04:42]} Rf7 {[%clk 0:03:03]} 27. Qxg6
{[%clk 0:04:14]} Rb6 {[%clk 0:03:06]} 28. Nxf5 {[%clk 0:03:07]} Qf4
{[%clk 0:02:44]} 29. Nd5 {[%clk 0:02:09]} Qd2 {[%clk 0:02:52]} 30. Re8+
{[%clk 0:02:05]} Nf8 {[%clk 0:02:50]} 31. Nde7+ {[%clk 0:01:47]} Kh8
{[%clk 0:02:46]} 32. Rxf8+ {[%clk 0:01:55]} 1-0

[Event "Russian Championship (men rapid)"]
[Site "Sochi"]
[Date "2017.09.30"]
[Round "2.27"]
[White "Chos, Alexey"]
[Black "Levin, Evgeny A."]
[Result "0-1"]
[LiveChessVersion "1.4.8"]
[BlackElo "2544"]
[WhiteElo "2290"]

1. e4 {[%clk 0:15:19]} c5 {[%clk 0:15:17]} 2. Nf3 {[%clk 0:15:28]} d6
{[%clk 0:15:26]} 3. Bb5+ {[%clk 0:15:36]} Nd7 {[%clk 0:15:27]} 4. c4
{[%clk 0:15:34]} Ngf6 {[%clk 0:15:13]} 5. Nc3 {[%clk 0:15:41]} e6
{[%clk 0:14:52]} 6. d4 {[%clk 0:15:29]} cxd4 {[%clk 0:14:58]} 7. Nxd4
{[%clk 0:15:38]} Be7 {[%clk 0:14:53]} 8. O-O {[%clk 0:15:34]} O-O
{[%clk 0:15:00]} 9. Bxd7 {[%clk 0:14:40]} Bxd7 {[%clk 0:14:26]} 10. b3
{[%clk 0:14:31]} Rc8 {[%clk 0:13:45]} 11. Bb2 {[%clk 0:14:38]} a6
{[%clk 0:13:07]} 12. a4 {[%clk 0:14:38]} b6 {[%clk 0:12:56]} 13. Qf3
{[%clk 0:14:14]} Qc7 {[%clk 0:12:59]} 14. Rfd1 {[%clk 0:14:07]} Rb8
{[%clk 0:12:16]} 15. h3 {[%clk 0:14:03]} Bc8 {[%clk 0:12:00]} 16. Nde2
{[%clk 0:12:44]} Bb7 {[%clk 0:11:59]} 17. Ng3 {[%clk 0:12:39]} Rfd8
{[%clk 0:11:45]} 18. Qe2 {[%clk 0:12:25]} Nd7 {[%clk 0:09:33]} 19. Rab1
{[%clk 0:11:36]} Nf6 {[%clk 0:08:36]} 20. Ba3 {[%clk 0:10:52]} Ba8
{[%clk 0:08:25]} 21. Rd3 {[%clk 0:10:20]} Nd7 {[%clk 0:08:12]} 22. Rdd1
{[%clk 0:08:09]} Nc5 {[%clk 0:07:54]} 23. Qg4 {[%clk 0:07:47]} g6
{[%clk 0:07:24]} 24. Qf4 {[%clk 0:06:40]} Qc6 {[%clk 0:06:48]} 25. f3
{[%clk 0:03:55]} Bf8 {[%clk 0:05:53]} 26. Nge2 {[%clk 0:03:40]} Bg7
{[%clk 0:05:35]} 27. Qh4 {[%clk 0:03:48]} Qc7 {[%clk 0:05:24]} 28. Kh1
{[%clk 0:03:46]} Bc6 {[%clk 0:05:16]} 29. Nd4 {[%clk 0:03:30]} Be8
{[%clk 0:05:23]} 30. Qg3 {[%clk 0:02:59]} Be5 {[%clk 0:05:14]} 31. Qf2
{[%clk 0:03:07]} Qe7 {[%clk 0:05:05]} 32. f4 {[%clk 0:03:03]} Bg7
{[%clk 0:04:13]} 33. b4 {[%clk 0:03:11]} Nxa4 {[%clk 0:04:05]} 34. Nce2
{[%clk 0:03:12]} Rbc8 {[%clk 0:03:48]} 35. Rbc1 {[%clk 0:03:07]} b5
{[%clk 0:03:31]} 36. cxb5 {[%clk 0:02:49]} Bxb5 {[%clk 0:03:25]} 37. Nxb5
{[%clk 0:02:56]} axb5 {[%clk 0:03:34]} 38. Qe3 {[%clk 0:02:42]} Qb7
{[%clk 0:02:52]} 39. f5 {[%clk 0:02:37]} Nb6 {[%clk 0:02:26]} 40. Rxc8
{[%clk 0:02:32]} Rxc8 {[%clk 0:02:34]} 41. fxe6 {[%clk 0:02:08]} fxe6
{[%clk 0:02:43]} 42. Bc1 {[%clk 0:01:52]} Nc4 {[%clk 0:02:47]} 43. Qf3
{[%clk 0:01:56]} Rf8 {[%clk 0:02:54]} 44. Qg4 {[%clk 0:02:04]} Qf7
{[%clk 0:02:47]} 45. Nf4 {[%clk 0:02:11]} Be5 {[%clk 0:02:34]} 46. Ne2
{[%clk 0:02:00]} h5 {[%clk 0:01:27]} 47. Qg5 {[%clk 0:02:09]} Qf6
{[%clk 0:01:33]} 48. Qh6 {[%clk 0:02:02]} Rf7 {[%clk 0:01:38]} 49. Bg5
{[%clk 0:01:44]} Qg7 {[%clk 0:01:47]} 50. Qxg7+ {[%clk 0:01:38]} Kxg7
{[%clk 0:01:56]} 51. Kg1 {[%clk 0:01:39]} Ra7 {[%clk 0:01:33]} 52. Bf4
{[%clk 0:01:46]} Kf6 {[%clk 0:01:02]} 53. Bxe5+ {[%clk 0:01:40]} Kxe5
{[%clk 0:01:09]} 54. Nd4 {[%clk 0:01:48]} Ra4 {[%clk 0:00:53]} 55. h4
{[%clk 0:01:19]} Ne3 {[%clk 0:00:42]} 56. Nf3+ {[%clk 0:01:23]} Kf4
{[%clk 0:00:37]} 57. Rd3 {[%clk 0:01:02]} Ra1+ {[%clk 0:00:42]} 58. Kf2
{[%clk 0:01:11]} Ra2+ {[%clk 0:00:45]} 59. Rd2 {[%clk 0:01:14]} Rxd2+
{[%clk 0:00:28]} 60. Nxd2 {[%clk 0:01:23]} Nc2 {[%clk 0:00:34]} 61. g3+
{[%clk 0:01:22]} Ke5 {[%clk 0:00:42]} 62. Nf3+ {[%clk 0:01:27]} Kxe4 63. Ng5+ Kd5
{[%clk 0:00:53]} 64. Nh7 {[%clk 0:01:34]} Nxb4 {[%clk 0:00:58]} 65. Nf8
{[%clk 0:01:34]} Nd3+ {[%clk 0:01:03]} 66. Ke3 {[%clk 0:01:44]} Ne5
{[%clk 0:01:12]} 67. Kd2 {[%clk 0:01:48]} b4 {[%clk 0:01:19]} 68. Kc2
{[%clk 0:01:57]} Kc4 {[%clk 0:01:16]} 69. Nxe6 {[%clk 0:02:06]} b3+
{[%clk 0:01:24]} 70. Kb2 {[%clk 0:02:15]} d5 {[%clk 0:01:29]} 71. Nf4
{[%clk 0:02:14]} Nd3+ {[%clk 0:01:37]} 0-1

[Event "Russian Championship (men rapid)"]
[Site "Sochi"]
[Date "2017.09.30"]
[Round "2.28"]
[White "Moiseenko, Vadim"]
[Black "Tenikashvili, Georgij"]
[Result "1-0"]
[LiveChessVersion "1.4.8"]
[BlackElo "2273"]
[WhiteElo "2540"]

1. e4 {[%clk 0:15:10]} c6 {[%clk 0:15:10]} 2. d4 {[%clk 0:15:07]} d5
{[%clk 0:15:18]} 3. f3 {[%clk 0:15:14]} e5 {[%clk 0:14:15]} 4. exd5
{[%clk 0:13:23]} exd4 {[%clk 0:14:18]} 5. Qxd4 {[%clk 0:13:17]} Qxd5
{[%clk 0:14:21]} 6. Qxd5 {[%clk 0:13:19]} cxd5 {[%clk 0:14:29]} 7. Nc3
{[%clk 0:13:20]} Be6 {[%clk 0:14:29]} 8. Nb5 {[%clk 0:12:49]} Kd7
{[%clk 0:13:05]} 9. Be3 {[%clk 0:12:36]} a6 {[%clk 0:12:23]} 10. Nc3
{[%clk 0:12:13]} Bb4 {[%clk 0:11:18]} 11. Nge2 {[%clk 0:12:13]} Ne7
{[%clk 0:09:47]} 12. O-O-O {[%clk 0:12:14]} b5 {[%clk 0:06:44]} 13. a3
{[%clk 0:11:55]} Bd6 {[%clk 0:06:29]} 14. Nf4 {[%clk 0:11:30]} Bxf4
{[%clk 0:06:31]} 15. Bxf4 {[%clk 0:11:39]} Nbc6 {[%clk 0:06:32]} 16. Bd3
{[%clk 0:09:50]} Rhd8 {[%clk 0:06:14]} 17. g4 {[%clk 0:09:30]} Ke8
{[%clk 0:05:39]} 18. h4 {[%clk 0:09:32]} d4 {[%clk 0:04:21]} 19. Ne4
{[%clk 0:09:26]} Nd5 {[%clk 0:04:28]} 20. Bd2 {[%clk 0:08:48]} Ne5
{[%clk 0:04:12]} 21. Ng5 {[%clk 0:08:45]} Nxd3+ {[%clk 0:02:29]} 22. cxd3
{[%clk 0:08:54]} Kd7 {[%clk 0:01:51]} 23. Rde1 {[%clk 0:08:36]} Ne7
{[%clk 0:01:16]} 24. Kb1 {[%clk 0:06:38]} Bd5 {[%clk 0:00:59]} 25. Nxh7
{[%clk 0:06:07]} f6 {[%clk 0:00:32]} 26. g5 {[%clk 0:06:16]} f5 {[%clk 0:00:21]}
27. Re5 {[%clk 0:05:14]} Bg8 {[%clk 0:00:23]} 28. Rhe1 {[%clk 0:05:02]} Re8
{[%clk 0:00:24]} 29. Nf8+ {[%clk 0:05:04]} Kd6 {[%clk 0:00:27]} 30. Bb4+
{[%clk 0:05:12]} Kc7 {[%clk 0:00:29]} 31. Rxe7+ {[%clk 0:05:20]} Rxe7
{[%clk 0:00:34]} 32. Rxe7+ {[%clk 0:05:29]} 1-0

[Event "Russian Championship (men rapid)"]
[Site "Sochi"]
[Date "2017.09.30"]
[Round "3.12"]
[White "Rozum, Ivan"]
[Black "Triapishko, Alexandr"]
[Result "1-0"]
[LiveChessVersion "1.4.8"]
[BlackElo "2454"]
[WhiteElo "2592"]

1. d4 {[%clk 0:15:19]} Nf6 {[%clk 0:15:14]} 2. c4 {[%clk 0:15:27]} g6
{[%clk 0:15:23]} 3. Nf3 {[%clk 0:15:35]} Bg7 {[%clk 0:15:31]} 4. g3
{[%clk 0:15:44]} d5 {[%clk 0:15:29]} 5. Bg2 {[%clk 0:15:52]} dxc4
{[%clk 0:15:36]} 6. Na3 {[%clk 0:15:57]} O-O {[%clk 0:15:38]} 7. O-O
{[%clk 0:16:00]} Nc6 {[%clk 0:15:37]} 8. Nxc4 {[%clk 0:16:08]} Be6
{[%clk 0:15:45]} 9. b3 {[%clk 0:16:14]} a5 {[%clk 0:15:46]} 10. Bb2
{[%clk 0:16:18]} Bd5 {[%clk 0:15:43]} 11. Ne3 {[%clk 0:16:24]} Be4
{[%clk 0:15:50]} 12. a3 {[%clk 0:16:32]} Qc8 {[%clk 0:14:32]} 13. Nc4
{[%clk 0:16:10]} Rd8 {[%clk 0:14:05]} 14. e3 {[%clk 0:16:13]} Ra6
{[%clk 0:12:53]} 15. Qe2 {[%clk 0:16:13]} Bd5 {[%clk 0:11:14]} 16. Rac1
{[%clk 0:16:04]} Ne4 {[%clk 0:11:01]} 17. Rfd1 {[%clk 0:15:52]} Qe6
{[%clk 0:10:56]} 18. Ne1 {[%clk 0:15:00]} Nd6 {[%clk 0:09:42]} 19. Bxd5
{[%clk 0:13:50]} Qxd5 {[%clk 0:09:49]} 20. Nd3 {[%clk 0:13:57]} e6
{[%clk 0:06:20]} 21. Nce5 {[%clk 0:11:54]} Rb6 {[%clk 0:05:15]} 22. Nc5
{[%clk 0:11:19]} f5 {[%clk 0:03:53]} 23. Na4 {[%clk 0:10:07]} Ra6
{[%clk 0:03:07]} 24. Nd3 {[%clk 0:07:26]} Ne4 {[%clk 0:03:01]} 25. f3
{[%clk 0:07:09]} Ng5 {[%clk 0:03:00]} 26. Kg2 {[%clk 0:07:15]} Qd6
{[%clk 0:00:53]} 27. Nf4 {[%clk 0:05:50]} Re8 {[%clk 0:00:28]} 28. Qb5
{[%clk 0:05:43]} Ra7 {[%clk 0:00:29]} 29. Nc5 {[%clk 0:05:47]} Rb8
{[%clk 0:00:16]} 30. h4 {[%clk 0:05:48]} Nf7 {[%clk 0:00:25]} 31. Ncxe6
{[%clk 0:05:46]} Bh8 {[%clk 0:00:30]} 32. Rc5 {[%clk 0:05:08]} Ra6
{[%clk 0:00:33]} 33. Rdc1 {[%clk 0:05:10]} Rb6 {[%clk 0:00:41]} 34. Qc4
{[%clk 0:05:18]} Bf6 {[%clk 0:00:19]} 35. h5 {[%clk 0:04:18]} a4 {[%clk 0:00:21]}
36. hxg6 {[%clk 0:04:10]} hxg6 {[%clk 0:00:29]} 37. b4 {[%clk 0:04:09]} g5
{[%clk 0:00:13]} 38. Rxf5 {[%clk 0:04:10]} gxf4 {[%clk 0:00:13]} 39. Rxf6
{[%clk 0:04:18]} Nce5 {[%clk 0:00:21]} 40. dxe5 {[%clk 0:04:00]} Qd2+
{[%clk 0:00:30]} 41. Kh3 {[%clk 0:04:03]} Qxb2 {[%clk 0:00:16]} 42. gxf4
{[%clk 0:03:59]} Rc6 {[%clk 0:00:22]} 43. Rg1+ {[%clk 0:03:53]} Qxb4 1-0

[Event "Russian Championship (men rapid)"]
[Site "Sochi"]
[Date "2017.09.30"]
[Round "3.14"]
[White "Korchmar, Vasiliy"]
[Black "Demidov, Mikhail"]
[Result "1/2-1/2"]
[LiveChessVersion "1.4.8"]
[BlackElo "2578"]
[WhiteElo "2438"]

1. d4 {[%clk 0:15:18]} e6 {[%clk 0:15:16]} 2. c4 {[%clk 0:15:26]} Bb4+
{[%clk 0:15:24]} 3. Nd2 {[%clk 0:15:35]} Nf6 {[%clk 0:15:24]} 4. g3
{[%clk 0:15:39]} c5 {[%clk 0:15:27]} 5. a3 {[%clk 0:15:36]} Bxd2+
{[%clk 0:15:34]} 6. Qxd2 {[%clk 0:15:44]} cxd4 {[%clk 0:15:32]} 7. Nf3
{[%clk 0:14:56]} d5 {[%clk 0:15:32]} 8. cxd5 {[%clk 0:14:57]} Qxd5
{[%clk 0:15:38]} 9. Qxd4 {[%clk 0:14:59]} Nc6 {[%clk 0:15:12]} 10. Qxd5
{[%clk 0:14:50]} Nxd5 {[%clk 0:15:20]} 11. Bg2 {[%clk 0:13:40]} b6
{[%clk 0:15:22]} 12. Bd2 {[%clk 0:13:35]} Ba6 {[%clk 0:15:06]} 13. Rc1
{[%clk 0:13:22]} Rc8 {[%clk 0:14:54]} 14. e3 {[%clk 0:09:12]} Ke7
{[%clk 0:13:45]} 15. Bf1 {[%clk 0:09:18]} Bxf1 {[%clk 0:13:18]} 16. Kxf1
{[%clk 0:09:17]} f5 {[%clk 0:13:00]} 17. Ke2 {[%clk 0:07:15]} e5 {[%clk 0:12:45]}
18. Bc3 {[%clk 0:07:08]} Ke6 {[%clk 0:07:58]} 19. Ng5+ {[%clk 0:04:03]} Kf6
{[%clk 0:06:35]} 20. f4 {[%clk 0:04:11]} h6 {[%clk 0:06:04]} 21. Nf3
{[%clk 0:04:18]} Nxc3+ {[%clk 0:06:07]} 22. Rxc3 {[%clk 0:04:26]} e4
{[%clk 0:06:15]} 23. Nd2 {[%clk 0:04:06]} Ne7 {[%clk 0:06:00]} 24. Rhc1
{[%clk 0:04:14]} Rxc3 {[%clk 0:06:09]} 25. Rxc3 {[%clk 0:04:23]} Rc8
{[%clk 0:06:17]} 26. Rxc8 {[%clk 0:04:13]} Nxc8 {[%clk 0:06:26]} 27. Nc4
{[%clk 0:03:11]} Ke6 {[%clk 0:06:05]} 28. Ne5 {[%clk 0:02:16]} Kd5
{[%clk 0:04:25]} 29. Kd2 {[%clk 0:02:17]} Nd6 {[%clk 0:02:58]} 30. Kc3
{[%clk 0:02:25]} Nb7 {[%clk 0:02:59]} 31. b4 {[%clk 0:01:06]} Nd6
{[%clk 0:02:01]} 32. Kb3 {[%clk 0:00:53]} b5 {[%clk 0:00:47]} 33. Kc3
{[%clk 0:00:54]} Ne8 {[%clk 0:00:55]} 34. Nd7 {[%clk 0:00:29]} Nd6
{[%clk 0:00:42]} 35. Ne5 {[%clk 0:00:37]} Ne8 {[%clk 0:00:15]} 36. Nd7
{[%clk 0:00:46]} Nd6 {[%clk 0:00:25]} 37. Ne5 {[%clk 0:00:55]} Ne8
{[%clk 0:00:34]} 38. Nd7 {[%clk 0:01:05]} Nd6 {[%clk 0:00:43]} 39. Kd4+ Ke5+
1/2-1/2

[Event "Russian Championship (men rapid)"]
[Site "Sochi"]
[Date "2017.09.30"]
[Round "3.23"]
[White "Zhitnikov, Konstantin"]
[Black "Grachev, Boris"]
[Result "0-1"]
[LiveChessVersion "1.4.8"]
[BlackElo "2637"]
[WhiteElo "2347"]

1. e4 {[%clk 0:15:18]} c5 {[%clk 0:15:19]} 2. Nf3 {[%clk 0:15:24]} e6
{[%clk 0:15:28]} 3. c3 {[%clk 0:15:30]} d5 {[%clk 0:15:34]} 4. exd5
{[%clk 0:15:37]} exd5 {[%clk 0:15:43]} 5. d4 {[%clk 0:15:45]} a6 {[%clk 0:15:52]}
6. Bd3 {[%clk 0:15:49]} c4 {[%clk 0:16:00]} 7. Bc2 {[%clk 0:15:57]} Bd6
{[%clk 0:16:08]} 8. O-O {[%clk 0:15:56]} Ne7 {[%clk 0:16:16]} 9. Re1
{[%clk 0:16:04]} Nbc6 {[%clk 0:16:22]} 10. Bg5 {[%clk 0:15:54]} f6
{[%clk 0:14:58]} 11. Bh4 {[%clk 0:16:01]} O-O {[%clk 0:14:54]} 12. Bg3
{[%clk 0:16:08]} Bg4 {[%clk 0:14:26]} 13. Nbd2 {[%clk 0:15:27]} Bxg3
{[%clk 0:12:35]} 14. hxg3 {[%clk 0:15:32]} Qd6 {[%clk 0:12:28]} 15. Qe2
{[%clk 0:13:55]} Rae8 {[%clk 0:12:01]} 16. Qe3 {[%clk 0:13:31]} Qd7
{[%clk 0:11:37]} 17. Nf1 {[%clk 0:12:49]} b5 {[%clk 0:10:49]} 18. N1h2
{[%clk 0:12:13]} Bh5 {[%clk 0:10:36]} 19. Qf4 {[%clk 0:12:02]} g5
{[%clk 0:09:21]} 20. Qd2 {[%clk 0:11:56]} Bg6 {[%clk 0:09:07]} 21. Bxg6
{[%clk 0:11:47]} hxg6 {[%clk 0:08:33]} 22. g4 {[%clk 0:11:26]} Nc8
{[%clk 0:08:32]} 23. Rxe8 {[%clk 0:11:22]} Rxe8 {[%clk 0:08:41]} 24. Re1
{[%clk 0:11:00]} Nd6 {[%clk 0:08:45]} 25. Rxe8+ {[%clk 0:10:52]} Qxe8
{[%clk 0:08:51]} 26. Nf1 {[%clk 0:10:58]} Qe4 {[%clk 0:08:29]} 27. Ne3
{[%clk 0:10:38]} Ne7 {[%clk 0:07:49]} 28. Qc2 {[%clk 0:10:33]} Kf7
{[%clk 0:07:34]} 29. Kf1 {[%clk 0:10:21]} Ke6 {[%clk 0:06:54]} 30. Ke2
{[%clk 0:10:02]} Kd7 {[%clk 0:06:46]} 31. Nd2 {[%clk 0:09:25]} Qe6
{[%clk 0:06:41]} 32. Nf3 {[%clk 0:06:30]} Nf7 {[%clk 0:06:15]} 33. Kf1
{[%clk 0:06:04]} Nh6 {[%clk 0:05:57]} 34. Qe2 {[%clk 0:05:55]} Nf7
{[%clk 0:05:36]} 35. Qc2 {[%clk 0:06:02]} Nd6 {[%clk 0:05:38]} 36. Qe2
{[%clk 0:05:08]} a5 {[%clk 0:05:18]} 37. Qc2 {[%clk 0:04:44]} Ke8
{[%clk 0:04:53]} 38. Qe2 {[%clk 0:02:55]} Kf7 {[%clk 0:04:56]} 39. Qc2
{[%clk 0:02:47]} Qd7 {[%clk 0:04:09]} 40. Nd2 {[%clk 0:02:52]} Qc8
{[%clk 0:04:03]} 41. Ke1 {[%clk 0:02:51]} Qh8 {[%clk 0:04:07]} 42. Qd1
{[%clk 0:02:31]} Qh1+ {[%clk 0:03:29]} 43. Ke2 {[%clk 0:02:40]} Qh2
{[%clk 0:03:28]} 44. Nf3 {[%clk 0:02:33]} Qh8 {[%clk 0:03:36]} 45. Nd2
{[%clk 0:02:37]} Qe8 {[%clk 0:03:33]} 46. Kf1 {[%clk 0:02:44]} Qd7
{[%clk 0:03:26]} 47. Qf3 {[%clk 0:02:35]} Qe6 {[%clk 0:03:35]} 48. Qd1
{[%clk 0:02:20]} Ndc8 {[%clk 0:03:13]} 49. Qf3 {[%clk 0:01:54]} Nb6
{[%clk 0:03:05]} 50. Qh3 {[%clk 0:01:27]} Kg7 {[%clk 0:02:45]} 51. Qg3
{[%clk 0:01:22]} Qd7 {[%clk 0:02:15]} 52. f3 {[%clk 0:01:09]} Na4
{[%clk 0:01:58]} 53. Nd1 {[%clk 0:01:18]} Nc6 {[%clk 0:02:02]} 54. Kf2
{[%clk 0:01:03]} b4 {[%clk 0:01:38]} 55. Nf1 {[%clk 0:00:58]} Nxb2
{[%clk 0:01:14]} 56. Nxb2 {[%clk 0:00:29]} bxc3 {[%clk 0:01:22]} 0-1